| 000 | 01531nam a2200445Ii 4500 | ||
|---|---|---|---|
| 001 | DIGDYK1668 | ||
| 003 | NyNyDIG | ||
| 006 | m o d | ||
| 007 | cr ||||||||||| | ||
| 008 | 220823s2020 sp ob 000 0 spa d | ||
| 035 | _a(OCoLC)1183830791 | ||
| 040 |
_aDGITA _beng _erda _epn _cDGITA |
||
| 020 |
_a9788413247311 _qpdf |
||
| 043 | _ae-it--- | ||
| 050 | 1 | 4 | _aPQ4103 ebook |
| 082 | 0 | 4 | _a851.409 |
| 100 | 1 |
_aArriaga Flórez, Mercedes, _eauthor. |
|
| 245 | 1 | 0 |
_aLaura Battiferri entre reinas, amigas y poetas / _cMercedes Arriaga Flórez, Daniele Cerrato. |
| 264 | 1 |
_aMadrid : _bDykinson, S.L., _c[2020] |
|
| 300 | _a1 online resource. | ||
| 336 |
_atext _btxt _2rdacontent |
||
| 337 |
_acomputer _bc _2rdamedia |
||
| 338 |
_aonline resource _bcr _2rdacarrier |
||
| 347 |
_atext file _2rdaft |
||
| 347 | _bPDF | ||
| 490 | 1 | _aDykinson e-Book | |
| 504 | _aIncludes bibliographical references. | ||
| 588 | 0 | _aOnline resource; title from PDF title page (Digitalia, viewed August 23, 2022) | |
| 610 | 1 | 0 |
_aBattiferri degli Ammannati, Laura, _d1523-1589. |
| 650 | 0 | _aWomen authors, Italian. | |
| 655 | 7 |
_aPoetry. _2lcgft |
|
| 655 | 0 | _aElectronic books. | |
| 700 | 1 |
_aBattiferri degli Ammannati, Laura, _d1523-1589, _eauthor. |
|
| 791 | 2 |
_aDigitalia (Firm), _edistributor. |
|
| 793 | 0 |
_gDigitalia eBook Collection: _aDykinson Editorial |
|
| 830 | 0 | _aDykinson eBook. | |
| 856 | 4 | 0 |
_3Digitalia Hispánica _uhttps://www.digitaliapublishing.com/a/76497/ |
| 910 | _aPremium collection: 2022 | ||
| 942 | _cRAA | ||
| 999 |
_c263679 _d263679 |
||